Your research project: how to manage it (Record no. 4837)
[ view plain ]
| 000 -LEADER | |
|---|---|
| fixed length control field | 00818 a2200193 4500 |
| 020 ## - INTERNATIONAL STANDARD BOOK NUMBER | |
| International Standard Book Number | 0415344085 |
| 020 ## - INTERNATIONAL STANDARD BOOK NUMBER | |
| International Standard Book Number | 0415344077 |
| 040 ## - CATALOGING SOURCE | |
| Original cataloging agency | DLC |
| Language of cataloging | DLC |
| 100 1# - MAIN ENTRY--PERSONAL NAME | |
| Personal name | Hunt, Andy. |
| 245 10 - TITLE STATEMENT | |
| Title | Your research project: how to manage it |
| Remainder of title | how to manage it |
| Statement of responsibility, etc. | Andy Hunt. |
| 260 ## - PUBLICATION, DISTRIBUTION, ETC. | |
| Place of publication, distribution, etc. | London ; |
| -- | New York, NY : |
| Name of publisher, distributor, etc. | Routledge, |
| Date of publication, distribution, etc. | 2005. |
| 300 ## - PHYSICAL DESCRIPTION | |
| Extent | vii, 147 p. : |
| Other physical details | ill. ; |
| Dimensions | 23 cm. |
| 440 #0 - SERIES STATEMENT/ADDED ENTRY--TITLE | |
| Title | Routledge study guides. |
| 500 ## - GENERAL NOTE | |
| General note | Hardcover has no series statement. |
| 505 0# - FORMATTED CONTENTS NOTE | |
| Formatted contents note | You, the project manager -- Personal time management -- Your project's aims and objectives -- The literature survey -- Working towards success -- Communicating with others -- Common problems -- The final report -- The viva voce examination -- Publishing your results. |
| 650 #0 - SUBJECT ADDED ENTRY--TOPICAL TERM | |
| Topical term or geographic name entry element | Report writing |
| 650 #0 - SUBJECT ADDED ENTRY--TOPICAL TERM | |
| Topical term or geographic name entry element | Research |
| 942 ## - ADDED ENTRY ELEMENTS (KOHA) | |
| Koha item type | Book |
| Call number prefix | 808.02 HUN |
| Source of classification or shelving scheme | |
| Withdrawn status | Lost status | Damaged status | Not for loan | Collection code | Permanent Location | Current Location | Shelving location | Date acquired | Source of acquisition | Cost, normal purchase price | Total Checkouts | Total Renewals | Full call number | Barcode | Date last seen | Date last checked out | Price effective from | Koha item type |
|---|---|---|---|---|---|---|---|---|---|---|---|---|---|---|---|---|---|---|
| Central Library (CL) | Central Library (CL) | General Stacks | 10/28/2005 | Allied Book Company | 1629.90 | 1 | 1 | 808.02 HUN | SEECS006627 | 03/03/2026 | 10/20/2025 | 01/05/2017 | Book |
